| 000 | 00703nam a22002417a 4500 | ||
|---|---|---|---|
| 005 | 20250522120000.0 | ||
| 006 | a|||||r|||| 00| 0 | ||
| 007 | ta | ||
| 008 | 240823b1983 cl ||||| |||| 00| 0 spa d | ||
| 040 |
_aAR-EsCIE _cAR-EsCIE |
||
| 082 | _a581 | ||
| 100 | 1 |
_aRodriguez R., Roberto _d1944- _914 |
|
| 245 | 1 | 0 |
_aFlora arbórea de Chile / _cRoberto R. Rodríguez, Oscar Matthei S., Max Quesada M. |
| 260 |
_aConcepción : _bUniversidad de Concepción Chile, _c1983. |
||
| 300 |
_a408 p. _bil. |
||
| 650 | 4 |
_aBOTANICA _915 |
|
| 650 | 4 |
_aTAXONOMIA _918 |
|
| 650 | 4 |
_aPLANTAS _919 |
|
| 650 | 0 |
_aCHILE _920 |
|
| 700 | 1 |
_aMatthei S., Oscar _916 |
|
| 700 | 1 |
_aQuezada M., Max _917 |
|
| 942 |
_2ddc _cBK _kLB00003 _n0 |
||
| 999 |
_c11 _d11 |
||